Liga Mistrzów sezon 16 /17 - Statystyki

Ogólne statystyki
  • Ten quiz został rozwiązany 291 razy
  • Średni wynik to 23 z 32
Statystyki odpowiedzi
Kraj Klub % Poprawnych
Francja PSG
99%
Anglia Manchester City
95%
Niemcy Bayer
93%
Hiszpania Real Madryt
93%
Polska Legia
90%
Hiszpania Barcelona
89%
Włochy Juventus
89%
Anglia Arsenal
87%
Niemcy Borussia Dortmund
86%
Portugalia Benfica
82%
Portugalia Sporting
82%
Portugalia Porto
80%
Hiszpania Atletico
79%
Anglia Tottenham
79%
Niemcy Bayern
78%
Szkocja Celtic
78%
Włochy Napoli
75%
Holandia PSV
73%
Hiszpania Sevilla
73%
Rosja CSKA
72%
Chorwacja Dinamo
71%
Ukraina Dynamo
71%
Dania Kopenhaga
68%
Francja Lyon
67%
Francja Monaco
63%
Anglia Leicester
62%
Szwajcaria Fc Basel
56%
Turcja Besiktas
54%
Belgia Club Brugge
53%
Niemcy Borussia M
44%
Bułgaria Ludogorets
29%
Rosja Rostov
13%
Nie znaleziono quizów pasujących do podanych kryteriów
Rozkład punktacji
Procent ludzi z każdym wynikiem
Percentyl według liczby udzielonych odpowiedzi
Twoja historia wyników
Nie rozwiązałeś tego quizu